|
|
|
|
| LEADER |
01018nam a2200241 a 4500 |
| 001 |
2976046 |
| 008 |
090701s1993 enka b 001 0 eng d |
| 010 |
|
|
|a 92006007
|
| 020 |
|
|
|a 0631165746 (hb : acid-free paper)
|
| 020 |
|
|
|a 0631165754 (pb : acid-free paper)
|
| 040 |
|
|
|a DLC
|c DLC
|d DLC
|
| 082 |
0 |
0 |
|a 709/.04
|2 20
|
| 245 |
0 |
0 |
|a Art in theory, 1900-1990 :
|b an anthology of changing ideas /
|c edited by Charles Harrison and Paul Wood.
|
| 260 |
|
|
|a Oxford, UK ;
|a Cambridge, Mass., USA :
|b Blackwell,
|c 1993.
|
| 300 |
|
|
|a xxv, 1189 p. :
|b ill. ;
|c 24 cm.
|
| 504 |
|
|
|a Includes bibliographical references (p. [1129]-1154) and index.
|
| 541 |
1 |
|
|e 00013964
|
| 650 |
|
0 |
|a Art, Modern
|y 20th century
|x Philosophy.
|
| 700 |
1 |
|
|a Harrison, Charles,
|d 1942-
|
| 700 |
1 |
|
|a Wood, Paul.
|
| 852 |
4 |
|
|a Ayesha Abed Library
|j General Shelf.
|
| 999 |
|
|
|c 1920
|d 1920
|
| 952 |
|
|
|0 0
|1 0
|2 ddc
|4 0
|6 709_040000000000000_ART
|7 0
|9 1761
|a BRACUL
|b BRACUL
|c GEN
|d 2009-07-01
|l 5
|m 40
|o 709.04 ART
|p 3010013964
|q 2026-09-09
|r 2025-06-25
|s 2025-06-25
|t 1
|w 2009-07-01
|y BK
|